000 00233nam a22000857a 4500
008 160711b xxu||||| |||| 00| 0 eng d
100 _92540
_a Rucker, W.E., et al
245 _aHeath Mathematics
260 _aToronto
_b D.C.Heath & Com.
_c1988
999 _c2206
_d2206